000 01009cam a22002651i 4500
003 SA-RiAUC
005 20250128125650.0
008 250104s2010 su g 000 0 ara c
020 _a9786030037216
040 _aSA-RiAUC
_bara
_cSA-RiAUC
_erda
082 0 4 _a276.6
_qSA-RiAUC
090 _a276.6
_b ن م ل
100 1 _aالنملة، علي بن إبراهيم بن حمد،
_d1372 هجري-
_eمؤلف.
245 1 2 _aالتنصير :
_bالمفهوم-الوسائل-المواجهة /
_cعلي بن إبراهيم حمد النملة.
250 _aالطبعة الخامسة.
264 1 _aالرياض :
_bبيرسان،
_c2010
300 _a167 صفحة ؛
_c24 سم
336 _aنص
_btxt
_2rdacontent
_3كتاب
337 _aبدون وسيط
_bn
_2rdamedia
338 _aمجلد
_bnc
_2rdacarrier
650 7 _aالإرساليات التبشيرية
_2aucsh
650 7 _aالإسلام والمسيحية
_2aucsh
942 _2ddc
_cBOOK
_n0
949 _aSA-JeALM
_d250104
_umohamedma123
_n1
999 _c5337
_d5337